00386nam a2200145 a 4500008004100000020001800041050001700059100002000076245004200096260004000138300001900178350000900197650001200206650002200218100803s2006 ||||||||||||||||| || u a9780813805894 aSF 996.4 Wob aWobeser, Gary A10aEssentials of disease in wild animals aOxford:bBlackwell Publishingc2006 axi, 243p.: ill a0.00 aANIMALS aWILDLIFE DISEASES